Democracy in the woods : (Record no. 508243)

000 -LEADER
fixed length control field 01761cam a22003974i 4500
001 - CONTROL NUMBER
control field 19184808
005 - DATE AND TIME OF LATEST TRANSACTION
control field 20190514123701.0
008 - FIXED-LENGTH DATA ELEMENTS--GENERAL INFORMATION
fixed length control field 160721s2017 nyu b 001 0 eng
010 ## - LIBRARY OF CONGRESS CONTROL NUMBER
LC control number 2016023452
020 ## - INTERNATIONAL STANDARD BOOK NUMBER
International Standard Book Number 9780190637385 (hardcover : alk. paper)
020 ## - INTERNATIONAL STANDARD BOOK NUMBER
International Standard Book Number 9780190637392 (updf)
020 ## - INTERNATIONAL STANDARD BOOK NUMBER
International Standard Book Number 9780190637408 (epub)
040 ## - CATALOGING SOURCE
Original cataloging agency DLC
Language of cataloging eng
Transcribing agency DLC
Description conventions rda
Modifying agency DLC
042 ## - AUTHENTICATION CODE
Authentication code pcc
043 ## - GEOGRAPHIC AREA CODE
Geographic area code a-ii---
-- f-tz---
-- n-mx---
050 00 - LIBRARY OF CONGRESS CALL NUMBER
Classification number GE190.I4
Item number K37 2017
082 00 - DEWEY DECIMAL CLASSIFICATION NUMBER
Classification number O91 K151d
100 1# - MAIN ENTRY--PERSONAL NAME
Personal name Kashwan, Prakash,
Relator term author.
9 (RLIN) 3491
245 10 - TITLE STATEMENT
Title Democracy in the woods :
Remainder of title environmental conservation and social justice in India, Tanzania, and Mexico /
Statement of responsibility, etc Prakash Kashwan.
260 ## - PUBLICATION, DISTRIBUTION, ETC. (IMPRINT)
Place of publication, distribution, etc New Delhi
Name of publisher, distributor, etc Oxford
Date of publication, distribution, etc 2017
300 ## - PHYSICAL DESCRIPTION
Extent 311 p.
490 0# - SERIES STATEMENT
Series statement Studies in comparative energy and environmental politics.
504 ## - BIBLIOGRAPHY, ETC. NOTE
Bibliography, etc Includes bibliographical references (pages 245-288) and index.
650 #0 - SUBJECT ADDED ENTRY--TOPICAL TERM
Topical term or geographic name as entry element Environmental protection
General subdivision Political aspects
Geographic subdivision India.
9 (RLIN) 3492
650 #0 - SUBJECT ADDED ENTRY--TOPICAL TERM
Topical term or geographic name as entry element Environmental protection
General subdivision Political aspects
Geographic subdivision Tanzania.
9 (RLIN) 3493
650 #0 - SUBJECT ADDED ENTRY--TOPICAL TERM
Topical term or geographic name as entry element Environmental protection
General subdivision Political aspects
Geographic subdivision Mexico.
9 (RLIN) 3494
650 #0 - SUBJECT ADDED ENTRY--TOPICAL TERM
Topical term or geographic name as entry element Social justice
Geographic subdivision India.
9 (RLIN) 3495
650 #0 - SUBJECT ADDED ENTRY--TOPICAL TERM
Topical term or geographic name as entry element Social justice
Geographic subdivision Tanzania.
9 (RLIN) 3496
650 #0 - SUBJECT ADDED ENTRY--TOPICAL TERM
Topical term or geographic name as entry element Social justice
Geographic subdivision Mexico.
9 (RLIN) 3497
650 #0 - SUBJECT ADDED ENTRY--TOPICAL TERM
Topical term or geographic name as entry element Peasants
General subdivision Political activity
Geographic subdivision India.
9 (RLIN) 3498
650 #0 - SUBJECT ADDED ENTRY--TOPICAL TERM
Topical term or geographic name as entry element Peasants
General subdivision Political activity
Geographic subdivision Tanzania.
9 (RLIN) 3499
650 #0 - SUBJECT ADDED ENTRY--TOPICAL TERM
Topical term or geographic name as entry element Peasants
General subdivision Political activity
Geographic subdivision Mexico.
9 (RLIN) 3500
776 08 - ADDITIONAL PHYSICAL FORM ENTRY
Display text Online version:
Main entry heading Kashwan, Prakash, author.
Title Democracy in the woods
Place, publisher, and date of publication New York, NY : Oxford University Press, 2017
International Standard Book Number 9780190637392
Record control number (DLC) 2016042200
906 ## - LOCAL DATA ELEMENT F, LDF (RLIN)
a 7
b cbc
c orignew
d 1
e ecip
f 20
g y-gencatlg
955 ## - COPY-LEVEL INFORMATION (RLIN)
Book number/undivided call number, CCAL (RLIN) rf03 2016-07-21
Copy information and material description, CCAL + MDES (RLIN) rf03 2016-07-21 to GPSE for subj.
Classification number, CCAL (RLIN) xn08 2017-04-14 1 copy rec'd., to CIP ver.
Holdings
Withdrawn status Lost status Source of classification or shelving scheme Damaged status Koha normalized classification for sorting Not for loan Permanent location Current location Date acquired Full call number Barcode Date last seen Price effective from Koha item type
        O_91_000000000000000_K151D   Indian Institute of Public Administration Indian Institute of Public Administration 2019-03-18 O91 K151d 87953 2019-04-15 2019-03-18 Book

Powered by Koha